000 00327nam a22001457a 4500
020 _a8170194482
082 _a633.83 PAR/SP
100 _aParthasarathy V A
100 _aUtapla Parthasarathy
100 _aKumar A
245 _aSpices.Vol 2
260 _aNew Delhi
_bToday & Tomorrow's
_c2008
300 _a371
942 _cBK
999 _c13826
_d13826